| 000 | 00458nam a22001457a 4500 | ||
|---|---|---|---|
| 020 | _a9780439943451 | ||
| 082 | _a513.211 | ||
| 100 |
_6Crabtree, Sally _aCRA |
||
| 245 |
_aTen Chuckling Ducklings / _cSally Crabtree |
||
| 260 |
_aLondon: _bScholastic Children's Books, _c2007. |
||
| 300 |
_a22 p. ; _bIllustrated by Sally Hobson |
||
| 563 | _aHB | ||
| 650 |
_aJuvenile Nonfiction / Concepts / Counting & Numbers _9130555 |
||
| 942 |
_2ddc _cCHILD_SEC |
||
| 999 |
_c614749 _d614749 |
||